| 000 | 00939nas a2200313 4500 | ||
|---|---|---|---|
| 001 | BR2010004405 | ||
| 003 | BR-BrBNA | ||
| 005 | 20231205114732.0 | ||
| 007 | ta | ||
| 008 | 230509b bl.|||p| |||| 00| 00por d | ||
| 040 |
_aBR-BrBNA _bpor _cBiblioteca Nacional de Agricultura |
||
| 041 | _a(En) | ||
| 072 | _aF63 | ||
| 100 | 1 | _aDamasceno junior, P.C. | |
| 100 | 1 | _aPereira, T.N.S. | |
| 100 | 1 | _aPereira, M.G. | |
| 100 | 1 | _aSilva, F.F. da | |
| 100 | 1 | _aSouza, M. de M. | |
| 100 | 1 | _aNicoli, R.G. | |
| 245 | 1 | _aPreferential reproduction mode of hermaphrodite papaya plant (Carica papaya L; Caricaceae) | |
| 650 | _aMAMÃO | ||
| 650 | _aREPRODUÇÃO VEGETAL | ||
| 650 | _aPÓLEN | ||
| 650 | _aHISTOQUÍMICA | ||
| 650 | _aGRÃO | ||
| 773 | 0 |
_tRevista Brasileira de Fruticultura (Brazil) _xISSN 0100 2945 _g(Mar 2009), v. 31(1) p. 182-189 _wBR2010004405 |
|
| 909 |
_a202311 _bLúcia _c55 _dLúcia Elande |
||
| 942 |
_2AGRIS _n0 _cANA |
||
| 999 |
_c210222 _d210222 |
||